| 000 | 00593nam a2200193 a 4500 | ||
|---|---|---|---|
| 001 | 13237 | ||
| 003 | CO-ViMGA | ||
| 008 | 141112s2004 ck r 000 u spa d | ||
| 020 | _a9589647405 | ||
| 040 |
_aCO-ViMGA _bspa _cCO-ViMGA |
||
| 082 | 0 | 4 | _a364.1323 F676c |
| 111 |
_aForo internacional de herramientas de lucha contra la corrupcion _919406 |
||
| 245 | 1 | 0 | _aPrevenir la corrupcion |
| 260 |
_aSantafé de Bogotá : _bEmpresa de telecomunicaciones, _c1998 |
||
| 300 | _a182p. | ||
| 650 | 1 | 4 | _aCORRUPCION ADMINISTRATIVA |
| 650 | 1 | 4 |
_aCORRUPCION Política - COLOMBIA _919407 |
| 942 |
_2ddc _cBK |
||
| 999 |
_c23985 _d23985 |
||